000 01018cam a2200265 4500
005 20260508133810.0
008 000000n2000 000 0 eng u
020 _a0419254609
035 _a(Sirsi) u101169
041 _aeng
050 _a692.5094
110 _aDavis Langdon and Everest
_91155
245 _aSpon's European construction costs handbook
250 _a3rd ed.
260 _a[S.l.]
_bE and F N Spon
_c2000
300 _axi, 493p.
_c24cm.
350 _a80
520 _aCovers 30 countries, including the USA and Japan, giving background information on the building industry of each country as well as labour costs, unit rates and approximate estimating. The book begins with general information on the European construction industry and the EC and concludes with tables of comparative data.
520 _aSupersedes second edition (ISBN 0419196501).
651 4 _aEurope
651 4 _aJapan
651 4 _aUnited States
690 _aBUILT ENVIRONMENT-BUILDING COSTS
942 _n0
_2ddc
999 _c100030
_d100030